000 00334nam a2200133Ia 4500
008 240624s9999 xx 000 0 und d
041 _aeng
082 _a823 MAZ
100 _aMAZZETTI MARK
245 _aWAY OF THE KNIFE THE UNTOLD STORY OF USA
260 _c2013
_aNew Delhi
_bPenguin India
300 _a392 : p.
365 _cRS
_b25
999 _c21737
_d21737